000 00674nam a2200205 i 4500
001 84436
003 ES-MaACL
005 20230906175021.0
007 t|
008 041122s1962 sp ||||1| cat d
100 1 _aJané, Albert.
_965996
245 1 0 _aSigne normes practiques de gramatica catalana /
_credactades per Albert Jané amb Josef Ibáñez, Enric Gual i Mª Eugenia Dalmau.
260 _a[Barcelona :
_bs.n.,
_c1962]
300 _a179 p. ;
_c21 cm.
650 4 _aLengua catalana-
_xGramática.
_914105
700 1 _aIbáñez, Josep.
_964908
700 1 _aGual, Eric.
_960282
700 1 _aDalmau, María Eugenia.
_942516
852 _aES-MaACL
_jC-21328
_bR.49616
999 _c84436
_d84436